<?xml version="1.0" encoding="UTF-8"?>
<collection xmlns="http://www.loc.gov/MARC21/slim">
 <record>
  <leader>01707cam a2200409   4500</leader>
  <controlfield tag="001">1114300357</controlfield>
  <controlfield tag="003">DE-627</controlfield>
  <controlfield tag="005">20240401183544.0</controlfield>
  <controlfield tag="007">tu</controlfield>
  <controlfield tag="008">950316s1953    xx |||||      00| ||ita c</controlfield>
  <datafield tag="035" ind1=" " ind2=" ">
   <subfield code="a">(DE-627)1114300357</subfield>
  </datafield>
  <datafield tag="035" ind1=" " ind2=" ">
   <subfield code="a">(DE-576)044300352</subfield>
  </datafield>
  <datafield tag="035" ind1=" " ind2=" ">
   <subfield code="a">(DE-599)BSZ044300352</subfield>
  </datafield>
  <datafield tag="035" ind1=" " ind2=" ">
   <subfield code="a">(OCoLC)770093</subfield>
  </datafield>
  <datafield tag="035" ind1=" " ind2=" ">
   <subfield code="a">(OCoLC)00770093</subfield>
  </datafield>
  <datafield tag="040" ind1=" " ind2=" ">
   <subfield code="a">DE-627</subfield>
   <subfield code="b">ger</subfield>
   <subfield code="c">DE-627</subfield>
   <subfield code="e">rakwb</subfield>
  </datafield>
  <datafield tag="041" ind1=" " ind2=" ">
   <subfield code="a">ita</subfield>
  </datafield>
  <datafield tag="082" ind1="0" ind2=" ">
   <subfield code="a">927.5</subfield>
  </datafield>
  <datafield tag="082" ind1="0" ind2=" ">
   <subfield code="2">759.5</subfield>
  </datafield>
  <datafield tag="084" ind1=" " ind2=" ">
   <subfield code="a">9,10</subfield>
   <subfield code="2">ssgn</subfield>
  </datafield>
  <datafield tag="084" ind1=" " ind2=" ">
   <subfield code="a">LI 55150</subfield>
   <subfield code="2">rvk</subfield>
   <subfield code="0">(DE-625)rvk/96532:</subfield>
  </datafield>
  <datafield tag="245" ind1="1" ind2="0">
   <subfield code="a">Lorenzo Lotto</subfield>
   <subfield code="c">di Anna Banti. Regesti note e cataloghi di Antonio Boschetto</subfield>
  </datafield>
  <datafield tag="264" ind1=" " ind2="1">
   <subfield code="a">Firenze</subfield>
   <subfield code="b">Sansoni</subfield>
   <subfield code="c">[1953]</subfield>
  </datafield>
  <datafield tag="300" ind1=" " ind2=" ">
   <subfield code="a">141, 258 S.</subfield>
   <subfield code="b">überwiegend Ill.</subfield>
  </datafield>
  <datafield tag="336" ind1=" " ind2=" ">
   <subfield code="a">Text</subfield>
   <subfield code="b">txt</subfield>
   <subfield code="2">rdacontent</subfield>
  </datafield>
  <datafield tag="337" ind1=" " ind2=" ">
   <subfield code="a">ohne Hilfsmittel zu benutzen</subfield>
   <subfield code="b">n</subfield>
   <subfield code="2">rdamedia</subfield>
  </datafield>
  <datafield tag="338" ind1=" " ind2=" ">
   <subfield code="a">Band</subfield>
   <subfield code="b">nc</subfield>
   <subfield code="2">rdacarrier</subfield>
  </datafield>
  <datafield tag="490" ind1="0" ind2=" ">
   <subfield code="a">Biblioteca di &quot;proporzioni&quot;</subfield>
  </datafield>
  <datafield tag="583" ind1="1" ind2=" ">
   <subfield code="a">Archivierung/Langzeitarchivierung gewährleistet</subfield>
   <subfield code="f">SSG</subfield>
   <subfield code="x">XA-DE-BW</subfield>
   <subfield code="2">pdager</subfield>
   <subfield code="5">DE-16</subfield>
  </datafield>
  <datafield tag="700" ind1="1" ind2=" ">
   <subfield code="a">Banti, Anna</subfield>
   <subfield code="d">1895-1985</subfield>
   <subfield code="0">(DE-588)119082918</subfield>
   <subfield code="0">(DE-627)226413438</subfield>
   <subfield code="0">(DE-576)211094897</subfield>
   <subfield code="4">oth</subfield>
  </datafield>
  <datafield tag="700" ind1="1" ind2=" ">
   <subfield code="a">Boschetto, Antonio</subfield>
   <subfield code="4">oth</subfield>
  </datafield>
  <datafield tag="700" ind1="1" ind2=" ">
   <subfield code="a">Lotto, Lorenzo</subfield>
   <subfield code="d">1480-1556</subfield>
   <subfield code="e">Ill.</subfield>
   <subfield code="0">(DE-588)118780530</subfield>
   <subfield code="0">(DE-627)079558585</subfield>
   <subfield code="0">(DE-576)162039131</subfield>
   <subfield code="4">ill</subfield>
  </datafield>
  <datafield tag="787" ind1="0" ind2="8">
   <subfield code="i">Rezensiert in</subfield>
   <subfield code="a">Spahn, Annemarie, 1903 - </subfield>
   <subfield code="t">[Rezension von: Anna Banti, Lorenzo Lotto - Luigi Coletti, Lotto - Bernard Berenson, Lorenzo Lotto]</subfield>
   <subfield code="d">1960</subfield>
   <subfield code="w">(DE-627)1672834406</subfield>
  </datafield>
  <datafield tag="936" ind1="r" ind2="v">
   <subfield code="a">LI 55150</subfield>
   <subfield code="b">Lotto, Lorenzo</subfield>
   <subfield code="k">Kunstgeschichte</subfield>
   <subfield code="k">Künstler-Monografien</subfield>
   <subfield code="k">Alphabetische Künstlerliste</subfield>
   <subfield code="k">Künstler L</subfield>
   <subfield code="k">Lotto, Lorenzo</subfield>
   <subfield code="0">(DE-627)1271135388</subfield>
   <subfield code="0">(DE-625)rvk/96532:</subfield>
   <subfield code="0">(DE-576)201135388</subfield>
  </datafield>
  <datafield tag="951" ind1=" " ind2=" ">
   <subfield code="a">BO</subfield>
  </datafield>
  <datafield tag="991" ind1=" " ind2=" ">
   <subfield code="a">Rezensiertes Werk</subfield>
  </datafield>
  <datafield tag="999" ind1=" " ind2=" ">
   <subfield code="a">KXP-PPN1114300357</subfield>
   <subfield code="e">4077387523</subfield>
  </datafield>
 </record>
</collection>
